00000000nam##2200000za#4500
0019.635392
003CaOODSP
00520210624220232
007cr |||||||||||
008150407|2008||||xxc|||||o    f|0| 0 fre|d
020 |a978-0-662-04036-1
040 |aCaOODSP|bfre
043 |an-cn---
0861 |aH164-86/2008F-PDF
1101 |aCanada. |bSanté Canada.
24510|aRegard sur l'avenir / |h[ressource électronique]|c[par] Direction des produits de santé commercialisés.
260 |aOttawa - Ontario : |bSanté Canada |c[2008].
300 |a1p.
590 |a12-42-Supp|b2012-11-21
77508|tLooking ahead / |w(CaOODSP)9.691054
85640|ahttp://publications.gc.ca|qPDF|s291 Ko|uhttps://publications.gc.ca/collections/collection_2012/sc-hc/H164-86-2008-fra.pdf
986 |aSC Pub. : 4784